Top 10 des meilleurs pays de l'histoire de la Ligue des Nations - Statistiques

Statistiques générales
  • Ce quiz a été pris 156 fois
  • Le résultat moyen est 6 sur 10
Statistiques - réponses
Matchs Points Pays % Correct
24 47 France
100%
26 51 Espagne
96%
24 51 Portugal
91%
26 47 Italie
88%
26 46 Pays-Bas
70%
24 46 Norvège
40%
24 51 Grèce
32%
23 42 Roumanie
20%
24 46 Géorgie
10%
24 47 Macédoine du Nord
4%
Aucun quiz correspondant
Distribution des résultats
% des personnes avec chaque résultat
Percentile par nombre de réponses
Votre historique - résultats
Vous n’avez pas pris ce quiz